书目信息 |
| 题名: |
远程光纤水听器系统非线性效应
|
|
| 作者: | 孟洲 , 陈伟 , 胡晓阳 著 | |
| 分册: | ||
| 出版信息: | 北京 科学出版社 2024.06 |
|
| 页数: | 187页 | |
| 开本: | 24cm | |
| 丛书名: | 国防科技大学建校70周年系列著作 | |
| 单 册: | ||
| 中图分类: | TB565 | |
| 科图分类: | ||
| 主题词: | 水听器--shui ting qi--研究 | |
| 电子资源: | ||
| ISBN: | 978-7-03-076265-8 | |
| 000 | 01902nam 2200301 450 | |
| 001 | 92527 | |
| 005 | 20250818093506.85 | |
| 010 | @a978-7-03-076265-8@dCNY128.00 | |
| 100 | @a20240712d2024 em y0chiy50 ea | |
| 101 | 0 | @achi |
| 102 | @aCN@b110000 | |
| 105 | @aa a 000yy | |
| 106 | @ar | |
| 200 | 1 | @a远程光纤水听器系统非线性效应@Ayuan cheng guang xian shui ting qi xi tong fei xian xing xiao ying@f孟洲, 陈伟, 胡晓阳著 |
| 210 | @a北京@c科学出版社@d2024.06 | |
| 215 | @a187页@c图@d24cm | |
| 225 | 2 | @a国防科技大学建校70周年系列著作@Aguo fang ke ji da xue jian xiao 70 zhou nian xi lie zhu zuo |
| 314 | @a陈伟, 因防科技大学副教授, 硕士生导师。主要从事非线性光学与海洋探测技术研究, 发表论文50余丽, 撰写国防科技报告1篇, 出版专著2本, 以第一发明人身份授权国家发明专利5项。作为负责人和骨干承担国家和军队级项目十余项。胡晓阳, 湖南衡阳人, 现任国防科技大学副研究员, 硕士生导师, 主要从事非线性光纤光学、海洋探测与光纤传感相关教学科研工作, 主持国家自然科学基金、科技委等项目多项, 参与国家与军队重点项目十余项, 发表学术论文数十篇, 申请与授权国家发明专利十余项。孟洲, 国防科技大学教授, 博士生导师, 教育部新世纪优秀人才, 装备发展部专业组专家, 科技委主题副首席, 教育部海洋科学类专业教学指导委员会委员, 全国三八红旗手, 长期从事光纤水听器技术研究, 获省部级奖励6项, 授权发明专利48项, 发表学术论文200余篇。 | |
| 320 | @a有书目 | |
| 330 | @a本书主要介绍远程光纤水听器系统中的非线性效应, 针对系统特点提出了受激布里渊散射、调制不稳定性等非线性效应及其相位噪声的影响和抑制方法, 并给出实际远程光纤水听器系统的相位噪声测试结果, 解决了光纤水声探测距离提升时的非线性问题, 可用于光纤水下预警探测系统的长距离构建。 | |
| 410 | 0 | @12001 @a国防科技大学建校70周年系列著作 |
| 606 | 0 | @a水听器@Ashui ting qi@x研究 |
| 690 | @aTB565@v5 | |
| 701 | 0 | @a孟洲@Ameng zhou@4著 |
| 701 | 0 | @a陈伟@Achen wei@4著 |
| 701 | 0 | @a胡晓阳@Ahu xiao yang@4著 |
| 801 | 0 | @aCN@c20250909 |
| 905 | @a河南城建学院图书馆@dTB565@eM633@f1 | |
| 远程光纤水听器系统非线性效应/孟洲, 陈伟, 胡晓阳著.-北京:科学出版社,2024.06 |
| 187页:图;24cm.-(国防科技大学建校70周年系列著作) |
| ISBN 978-7-03-076265-8:CNY128.00 |
| 本书主要介绍远程光纤水听器系统中的非线性效应, 针对系统特点提出了受激布里渊散射、调制不稳定性等非线性效应及其相位噪声的影响和抑制方法, 并给出实际远程光纤水听器系统的相位噪声测试结果, 解决了光纤水声探测距离提升时的非线性问题, 可用于光纤水下预警探测系统的长距离构建。 |
| ● |
| 相关链接 |
|
|
|
正题名:远程光纤水听器系统非线性效应
索取号:TB565/M633
 
预约/预借
| 序号 | 登录号 | 条形码 | 馆藏地/架位号 | 状态 | 备注 |
| 1 | 1626491 | 216264913 | 自科库501/501自科库 18排1列5层/ [索取号:TB565/M633] | 在馆 |